Компьютерное проектирование оборудования отрасли: электронный курс

Podrobná bibliografie
Hlavní autor: Беспалов В. В. Виктор Владимирович
Korporativní autor: Национальный исследовательский Томский политехнический университет (ТПУ) Энергетический институт (ЭНИН) Кафедра атомных и тепловых электростанций (АТЭС)
Shrnutí:Заглавие с экрана
Рассматриваются основные принципы трехмерного моделирования деталей и проектирования узлов энергетического оборудования. Изучается система автоматизированного проектирования Siemens NX.
Доступ по логину и паролю
Jazyk:ruština
Vydáno: Томск, TPU Moodle, 2016
Témata:
On-line přístup:http://design.lms.tpu.ru/course/view.php?id=1511
Médium: MixedMaterials Elektronický zdroj Kniha
KOHA link:https://koha.lib.tpu.ru/cgi-bin/koha/opac-detail.pl?biblionumber=651989

MARC

LEADER 00000nlm0a2200000 4500
001 651989
005 20240112092510.0
035 |a (RuTPU)RU\TPU\network\17252 
035 |a RU\TPU\network\17250 
090 |a 651989 
100 |a 20161129d2016 m y0rusy50 ca 
101 0 |a rus 
102 |a RU 
105 |a a j 000zy 
135 |a jrcn ---uucaa 
181 0 |a i  
182 0 |a b 
200 1 |a Компьютерное проектирование оборудования отрасли  |e электронный курс  |f В. В. Беспалов  |g Национальный исследовательский Томский политехнический университет (ТПУ), Энергетический институт (ЭНИН), Кафедра атомных и тепловых электростанций (АТЭС) 
203 |a Текст  |c электронный 
210 |a Томск  |c TPU Moodle  |d 2016 
300 |a Заглавие с экрана 
330 |a Рассматриваются основные принципы трехмерного моделирования деталей и проектирования узлов энергетического оборудования. Изучается система автоматизированного проектирования Siemens NX. 
333 |a Доступ по логину и паролю 
606 1 |a Энергетическое оборудование  |2 stltpush  |3 (RuTPU)RU\TPU\subj\21314  |9 46331 
610 1 |a электронный ресурс 
610 1 |a труды учёных ТПУ 
610 1 |a электронное обучение 
610 1 |a электронные курсы ТПУ 
610 1 |a проектирование 
610 1 |a САПР 
610 1 |a Siemens NX 
610 1 |a 3D-моделирование 
610 1 |a симуляции 
610 1 |a конструирование 
610 1 |a электронные учебные пособия 
610 1 |a учебные пособия 
675 |a 620.9.002.5(075.8)  |v 3 
700 1 |a Беспалов  |b В. В.  |c специалист в области информатики и вычислительной техники  |c ведущий программист, доцент Томского политехнического университета, кандидат технических наук  |f 1965-  |g Виктор Владимирович  |3 (RuTPU)RU\TPU\pers\26008  |9 11857 
712 0 2 |a Национальный исследовательский Томский политехнический университет (ТПУ)  |b Энергетический институт (ЭНИН)  |b Кафедра атомных и тепловых электростанций (АТЭС)  |3 (RuTPU)RU\TPU\col\18683 
801 2 |a RU  |b 63413507  |c 20170209  |g RCR 
856 4 |u http://design.lms.tpu.ru/course/view.php?id=1511 
942 |c CF